000 00670nam a2200277Ia 4500
005 20260324123553.0
008 008 260324s9999 xx 000 0 eng d
020 _a9781315235455
037 _aEBOOK
040 _aCRL
040 _beng
040 _cCRL
041 _2eng
041 _aeng
084 _qCRL
100 _aKaushik Roy; Scott Gates
_91170814
245 0 _aUnconventional Warfare in South Asia, 1947 to the Present
260 _bTaylor and Francis
260 _c2011
365 _a
365 _b120
856 _uhttp://www.taylorfrancis.com/books/9781315235455
942 _cEBOOK
999 _c1764453
_d1764453